000
00280nam a2200145Ia 4500
100
_a
Robertson/ Greg
942
_c
BK
654
_a
computer
245
_a
Hands on HTML
260
_b
B.P.B
_c
1999
082
_a
4.65
_b
ROB
300
_a
546
546
_a
ENGLISH
999
_c
29450
_d
29450